| Tag |
First Indicator |
Second Indicator |
Subfields |
| LEADER |
00000cam a2200000 4500 |
| 001 |
in00000007428 |
| 005 |
20151005080015.0 |
| 008 |
761007s1969 ge b 00010 ger |
| 010 |
|
|
|a 76466790
|
| 035 |
|
|
|a (OCoLC)02487771
|
| 035 |
|
|
|9 AAA1921AM
|
| 040 |
|
|
|a DLC
|c ZYU
|d TXA
|d UtOrBLW
|
| 049 |
|
|
|a TXAM
|c [A12575660]
|
| 050 |
0 |
0 |
|a PJ3259
|b .R5
|
| 100 |
1 |
|
|a Riemschneider, Kaspar K.
|q (Kaspar Klaus)
|
| 245 |
1 |
0 |
|a Lehrbuch des Akkadischen /
|c von Kaspar K. Riemschneider.
|
| 264 |
|
1 |
|a Leipzig :
|b Verlag Enzyklopädie,
|c [1969]
|
| 264 |
|
4 |
|c [©1969]
|
| 300 |
|
|
|a 312 pages ;
|c 22 cm.
|
| 336 |
|
|
|a text
|b txt
|2 rdacontent
|
| 337 |
|
|
|a unmediated
|b n
|2 rdamedia
|
| 338 |
|
|
|a volume
|b nc
|2 rdacarrier
|
| 490 |
1 |
|
|a Lehrbücher für das Studium der orientalischen und afrikanischen Sprachen ;
|v Bd. 16
|
| 504 |
|
|
|a Includes bibliographical references.
|
| 500 |
|
|
|a "Quellenverzeichnis": pages [233]-243.
|
| 650 |
|
0 |
|a Akkadian language
|x Grammar.
|
| 650 |
|
0 |
|a Akkadian language
|v Readers.
|
| 830 |
|
0 |
|a Lehrbucher fur das Studium der orientalischen und afrikanischen Sprachen ;
|v Bd. 16.
|
| 999 |
|
|
|a MARS
|
| 999 |
f |
f |
|s 3bacf230-118f-368d-a58a-2e8d16a0ace6
|i 79d36e62-d58c-38a3-8b5d-f5961da2e330
|t 0
|
| 952 |
f |
f |
|p ric
|a Texas A&M University
|b Rellis Campus
|c Joint Library Facility
|d Remote Storage
|t 0
|e PJ3259 .R5
|h Library of Congress classification
|i unmediated -- volume
|m A14812575660
|
| 998 |
f |
f |
|a PJ3259 .R5
|t 0
|l Remote Storage
|